Zen : A way of life (Record no. 4354)
[ view plain ]
| 000 -LEADER | |
|---|---|
| fixed length control field | 00417nam a2200169Ia 4500 |
| 001 - CONTROL NUMBER | |
| control field | 4131 |
| 008 - FIXED-LENGTH DATA ELEMENTS--GENERAL INFORMATION | |
| fixed length control field | 140318s9999 xx 000 0 und d |
| 020 ## - INTERNATIONAL STANDARD BOOK NUMBER | |
| International Standard Book Number | 0-340-38484-0 |
| 040 ## - CATALOGING SOURCE | |
| Transcribing agency | PK-LaUMT |
| 082 ## - DEWEY DECIMAL CLASSIFICATION NUMBER | |
| Classification number | 294.3927 |
| Item number | HUM-Z |
| 100 ## - MAIN ENTRY--PERSONAL NAME | |
| Personal name | Humphreys, Christmas |
| 245 ## - TITLE STATEMENT | |
| Title | Zen : A way of life |
| Statement of responsibility, etc | Humphreys, Christmas |
| 260 ## - PUBLICATION, DISTRIBUTION, ETC. (IMPRINT) | |
| Place of publication, distribution, etc | London,UK: |
| Name of publisher, distributor, etc | Teach Yourself, |
| Date of publication, distribution, etc | 1985 |
| 300 ## - PHYSICAL DESCRIPTION | |
| Extent | 199 p. |
| 546 ## - LANGUAGE NOTE | |
| Language note | EN |
| 942 ## - ADDED ENTRY ELEMENTS (KOHA) | |
| Koha item type | Books |
| Withdrawn status | Lost status | Damaged status | Not for loan | Home library | Current library | Date acquired | Total Checkouts | Full call number | Barcode | Date last seen | Price effective from | Koha item type |
|---|---|---|---|---|---|---|---|---|---|---|---|---|
| UMT Main Campus | UMT Main Campus | 2014-03-18 | 294.3927 HUM-Z | 4620 | 2014-03-18 | 2014-03-18 | Books |
